LEADER 01039nam a2200277 i 4500 001 991002322649707536 005 20020507162618.0 008 010725s|||| it ||| | ita 020 $a8821714608 035 $ab11640534-39ule_inst 035 $aLE02734553$9ExL 040 $aDip.to Studi Giuridici$bita 082 0 $a352.91068 100 1 $aDugato, Marco$0237214 245 13$aLe societa per la gestione dei servizi pubblici locali /$cMarco Dugato 260 $aMilano :$bIPSOA,$c2001 300 $a218 p. ;$c24 cm. 490 0 $aGiornale di diritto amministrativo. Quaderni ;$v3 500 $aSegue: Appendice 650 4$aServizi pubblici locali$xGestione$xProcessi innovativi 907 $a.b11640534$b01-03-17$c02-07-02 912 $a991002322649707536 945 $aLE027 352.91 DUG01.01$g1$i2027000025237$lle027$o-$pE30.99$q-$rl$s- $t0$u4$v4$w4$x0$y.i11862518$z02-07-02 996 $aSocietà per la gestione dei servizi pubblici locali$9746548 997 $aUNISALENTO 998 $ale027$b01-01-01$cm$da $e-$fita$git $h3$i1